Internet Brainrot Quiz 2026 💀 | Gen Z / TikTok / AI Memes - Statystyki

Ogólne statystyki
  • Ten quiz został rozwiązany 35 razy
  • Średni wynik to 12 z 15
Statystyki odpowiedzi
Zagadnienie Odpowiedź % Poprawnych
Co zwykle oznacza komentarz „absolute cinema”? Coś jest absurdalnie epickie
94%
Co oznacza „brainrot”? Uzależnienie od krótkich, absurdalnych treści internetowych
88%
Który typ humoru był mega popularny w latach 2025/2026? Absurdalne AI-memy z fałszywym voice-overem
85%
Największa szansa, że staniesz się memem, jeśli: Powiesz coś dziwnego na streamie
85%
„POV:” w memach oznacza: Punkt widzenia odbiorcy
85%
Co zwykle oznacza reakcja „💀”? „To mnie zabiło ze śmiechu”
85%
„NPC stream” polega głównie na: Udawaniu postaci reagującej automatycznie na donejty
85%
Memy AI w 2025/2026 często mają: Losowy chaos i dziwne połączenia
82%
Co oznacza „ok boomer”? Odrzucenie starego/konserwatywnego podejścia
82%
„Skibidi…” to: Seria absurdalnych memów/video
82%
Co to jest „deep fried meme”? Przefiltrowany, przesadzony wizualnie mem
79%
Co to jest „meme template”? Gotowy format obrazka do tworzenia memów
76%
Co zwykle oznacza „it’s over” w memach? Poczucie totalnej porażki lub dramatycznej sytuacji
73%
Co najczęściej robi „sigma male” w memach? Ignoruje wszystkich i robi swoje
70%
Co to jest „Greentext”? Forma opowiadania historii na 4chan zaczynająca się od „>”
39%
Nie znaleziono quizów pasujących do podanych kryteriów
Rozkład punktacji
Procent ludzi z każdym wynikiem
Percentyl według liczby udzielonych odpowiedzi
Twoja historia wyników
Nie rozwiązałeś tego quizu